000 00359nam a22001457a 4500
082 _a326.9RIC
100 _aRICHARDSON PATRICK
245 _aEMPIRE AND SLAVERY
260 _aLONDON
_bLONGMANS
_c1968
300 _aX,158P
_bILL,:20CM
500 _aINCLUDE BIBLIOGRAPHY AND INDEX
650 _aEMPIRE AND SLAVERY
700 _aRICHARDSON PATRICK
942 _cBK
999 _c14440
_d14440